<?xml version="1.0" encoding="UTF-8"?>
<record
    xmlns:xsi="http://www.w3.org/2001/XMLSchema-instance"
    xsi:schemaLocation="http://www.loc.gov/MARC21/slim http://www.loc.gov/standards/marcxml/schema/MARC21slim.xsd"
    xmlns="http://www.loc.gov/MARC21/slim">

  <leader>00898nam a2200265I  4500</leader>
  <controlfield tag="001">18616</controlfield>
  <controlfield tag="003">BD-RjUL</controlfield>
  <controlfield tag="005">20211209000317.0</controlfield>
  <controlfield tag="008">140220 1956                    1   eng u</controlfield>
  <datafield tag="035" ind1=" " ind2=" ">
    <subfield code="a">(BD-RjUL)18674</subfield>
  </datafield>
  <datafield tag="040" ind1=" " ind2=" ">
    <subfield code="c">YNG</subfield>
    <subfield code="d">m.c.</subfield>
    <subfield code="d">BOS</subfield>
    <subfield code="d">BD-RjUL</subfield>
    <subfield code="a">BD-RjUL</subfield>
    <subfield code="b">eng</subfield>
  </datafield>
  <datafield tag="041" ind1=" " ind2=" ">
    <subfield code="a">eng</subfield>
  </datafield>
  <datafield tag="082" ind1=" " ind2=" ">
    <subfield code="a">928.2</subfield>
    <subfield code="b">TIJ 1956</subfield>
  </datafield>
  <datafield tag="090" ind1=" " ind2=" ">
    <subfield code="a">PR4453.C6</subfield>
    <subfield code="b">Z5 F56</subfield>
  </datafield>
  <datafield tag="100" ind1="1" ind2=" ">
    <subfield code="a">Tibble, John William.</subfield>
    <subfield code="d">1901-</subfield>
    <subfield code="9">57333</subfield>
  </datafield>
  <datafield tag="245" ind1="0" ind2="0">
    <subfield code="a">John Clare :</subfield>
    <subfield code="b">his life and poetry /</subfield>
    <subfield code="c">by John and Anne Tibble.</subfield>
  </datafield>
  <datafield tag="260" ind1=" " ind2=" ">
    <subfield code="a">London :</subfield>
    <subfield code="b">Heinemann,</subfield>
    <subfield code="c">1956.</subfield>
  </datafield>
  <datafield tag="300" ind1=" " ind2=" ">
    <subfield code="a">xi, 216 p. :</subfield>
    <subfield code="b">illus., ports., facsims. ;</subfield>
    <subfield code="c">22 cm.</subfield>
  </datafield>
  <datafield tag="500" ind1=" " ind2=" ">
    <subfield code="a">Incorporates new material brought to light since publication of the authors' John Clare, a life (1932) Cf. Foreword.</subfield>
  </datafield>
  <datafield tag="504" ind1=" " ind2=" ">
    <subfield code="a">Includes Index.</subfield>
  </datafield>
  <datafield tag="600" ind1="1" ind2="0">
    <subfield code="a">Clare, John,</subfield>
    <subfield code="d">1793-1864.</subfield>
    <subfield code="9">57334</subfield>
  </datafield>
  <datafield tag="700" ind1="1" ind2=" ">
    <subfield code="a">Tibble, Anne Northgrave.</subfield>
    <subfield code="9">57335</subfield>
  </datafield>
  <datafield tag="942" ind1=" " ind2=" ">
    <subfield code="2">ddc</subfield>
    <subfield code="c">BK</subfield>
  </datafield>
  <datafield tag="999" ind1=" " ind2=" ">
    <subfield code="c">18616</subfield>
    <subfield code="d">18616</subfield>
  </datafield>
  <datafield tag="952" ind1=" " ind2=" ">
    <subfield code="0">0</subfield>
    <subfield code="1">0</subfield>
    <subfield code="2">ddc</subfield>
    <subfield code="4">0</subfield>
    <subfield code="7">1</subfield>
    <subfield code="8">NFIC</subfield>
    <subfield code="a">RUCL</subfield>
    <subfield code="b">RUCL</subfield>
    <subfield code="c">Reading</subfield>
    <subfield code="d">1957-11-19</subfield>
    <subfield code="e">O.U.P. dhaka</subfield>
    <subfield code="g">20.50</subfield>
    <subfield code="l">0</subfield>
    <subfield code="o">928.2 TIJ 1956</subfield>
    <subfield code="r">2014-02-20 00:00:00</subfield>
    <subfield code="t">C-1</subfield>
    <subfield code="w">2014-02-20</subfield>
    <subfield code="y">BK</subfield>
  </datafield>
</record>
